BIBLIOTECA PODER JUDICIAL
Portal Judicial TDF

Depreciación monetaria y obligaciones laborales. El nuevo rol del juez / (Registro nro. 6539)

000 -LEADER
fixed length control field 01501nab a22002657a 4500
003 - CONTROL NUMBER IDENTIFIER
control field OSt
005 - DATE AND TIME OF LATEST TRANSACTION
control field 20260223121231.0
008 - FIXED-LENGTH DATA ELEMENTS--GENERAL INFORMATION
fixed length control field 190506c xxu||||| |||| 00| 0 spa d
040 ## - CATALOGING SOURCE
Transcribing agency PJ
100 ## - MAIN ENTRY--PERSONAL NAME
9 (RLIN) 5209
Personal name Magnano, Marina G.
245 10 - TITLE STATEMENT
Title Depreciación monetaria y obligaciones laborales. El nuevo rol del juez /
Statement of responsibility, etc Marina G. Magnano, Fernando D. Ramallo.
260 ## - PUBLICATION, DISTRIBUTION, ETC. (IMPRINT)
Place of publication, distribution, etc Buenos Aires :
Name of publisher, distributor, etc AbeledoPerrot,
Date of publication, distribution, etc 2024.
300 ## - PHYSICAL DESCRIPTION
Extent p. 15-24
500 ## - GENERAL NOTE
General note Cita: TR LALEY AR/DOC/504/2024.
505 ## - FORMATTED CONTENTS NOTE
Formatted contents note Sumario: I. Introducción. Proceso inflacionario. Depreciación - desvalorización.— II. Deudas dinerarias vs. deudas de valor.— III. Deudas de valor, deudas dinerarias. Consecuencias de la clasificación. Nominalismo.— IV. Inflación. Respuestas de la doctrina y jurisprudencia.— V. Obligación laboral. Naturaleza jurídica.— VI. Nominalismo vs. incumplimiento contractual.— VII. Inflación y acreencias laborales. Tentativa de solución.— VIII. Fundamentos de la posición asumida.— IX. Conclusión.
505 ## - FORMATTED CONTENTS NOTE
Title ¿Te interesa el texto completo? Comunicate al correo: koha@justierradelfuego.gov.ar
650 #0 - SUBJECT ADDED ENTRY--TOPICAL TERM
9 (RLIN) 1316
Topical term or geographic name as entry element DERECHO LABORAL
650 #0 - SUBJECT ADDED ENTRY--TOPICAL TERM
9 (RLIN) 533
Topical term or geographic name as entry element INTERESES
650 #0 - SUBJECT ADDED ENTRY--TOPICAL TERM
9 (RLIN) 3790
Topical term or geographic name as entry element ACTUALIZACIÓN MONETARIA
650 #0 - SUBJECT ADDED ENTRY--TOPICAL TERM
9 (RLIN) 6365
Topical term or geographic name as entry element ANATOCISMO
650 #0 - SUBJECT ADDED ENTRY--TOPICAL TERM
9 (RLIN) 1367
Topical term or geographic name as entry element ASOCIACIONES SINDICALES
700 ## - ADDED ENTRY--PERSONAL NAME
9 (RLIN) 6444
Personal name Ramallo, Fernando D.
773 0# - HOST ITEM ENTRY
Host Biblionumber 2751
Host Itemnumber 3202
Place, publisher, and date of publication Buenos Aires : AbeledoPerrot, 2013-
Title Revista de derecho laboral y seguridad social. Nº 7 - Abril 2024
942 ## - ADDED ENTRY ELEMENTS (KOHA)
Source of classification or shelving scheme
Koha item type Analítica Artículo de Revista

No hay ítems disponibles.

12 de Octubre 789 Ushuaia - Tel:  54(02901)441571
Horario de Atención: 8.00 a 17.00 hs. 
bibliotecaush@justierradelfuego.gov.ar
koha@justierradelfuego.gov.ar
Seguinos en nuestras redes @bibliojustdf 

Con tecnología Koha